00000000nam 2200000za 4500
0019.688982
003CaOODSP
00520210624231702
007cr |||||||||||
008150407s2006    onc|||||o    f|0| 0 eng d
020 |a0-662-44476-0
040 |aCaOODSP|beng
043 |an-cn---
0861 |aEn81-5/1-2006E-PDF
1101 |aCanada. |bEnvironment Canada. |bEnvironmental Protection Service.
24510|aCanadian environmental sustainability indicators, 2006 |h[electronic resource] / |c[issued jointly by] Environment Canada, Statistics Canada, Santé Canada.
260 |aOttawa : |bEnvironment Canada, |c2006.
300 |a61 p. |bcolour figs., colour maps, graphs, references, tables, photographs.
500 |aAlso published annually by Statistics Canada, catalogue number (CS-251/2006E-PDF).
5203 |aThis annual report presents environmental indicators for water quality, air quality, and greenhouse gas emissions. The water quality indicator documents the distribution of water quality at selected sites across Canada. The air quality indicator reports national and regional trends in ground-level ozone, a key component of smog, and fine particulate matter (PM2.5). The greenhouse gas indicator describes the trend in emissions and the contribution to the trend by energy production, energy consumption and other factors. The socio-economic context provides links to economic performance and social progress. The indicators are intended to assist those in government responsible for developing policy and measuring performance, while also helping individual Canadians who want to know more about the trends in their environment.
590 |a07-16|b2007-04-20
69007|aEnvironmental indicators|2gcpds
7102 |aHealth Canada.
77508|tIndicateurs canadiens de durabilité de l'environnement, 2006 / |w(CaOODSP)9.633402
7760#|tCanadian environmental sustainability indicators, 2006 / |w(CaOODSP)9.650421
794 |tCanadian environmental sustainability indicators, 2007 |w(CaOODSP)9.690267
85640|ahttp://publications.gc.ca|qPDF|s757 KB|uhttps://publications.gc.ca/collections/Collection/EN81-5-1-2006E.pdf